[Event "Wch FIDE Online U10 Girls Europe qual"]
[Site "Tornelo INT"]
[Date "2020.12.09"]
[Round "6"]
[White "Balogh, Bori"]
[Black "Ismayilova, Khanim"]
[Result "1/2-1/2"]
[WhiteElo "1139"]
[BlackElo "1090"]
[PlyCount "61"]
[EventDate "2020.12.07"]
[EventType "swiss (rapid)"]
[EventRounds "7"]
[EventCountry "ISS"]
[SourceTitle "EXT 2022"]
[Source "ChessBase"]
[SourceDate "2021.10.06"]
[SourceVersion "1"]
[SourceVersionDate "2021.10.06"]
[SourceQuality "1"]

1. Nf3 Nf6 2. g3 g6 3. Bg2 Bg7 4. 0-0 0-0 5. d3 d6 6. Nbd2 Bf5 7. e4 Bg4 8. h3 Be6 9. c3 Qc8 10. Kh2 c5 11. Qc2 Nc6 12. Rd1 Rd8 13. Nf1 d5 14. Bd2 Qc7 15. Rac1 Rac8 16. b3 b6 17. Be1 Rd7 18. N1d2 Rcd8 19. Bf1 d4 20. c4 Nb4 21. Qb1 Bh6 22. a3 Nc6 23. Qc2 a5 24. Be2 Ne5 25. Rb1 Rb8 26. Nxe5 Qxe5 27. Nf3 Qh5 28. Ng1 Qe5 29. Nf3 Qh5 30. Ng1 Qe5 31. Nf3 1/2-1/2

[Event "Wch FIDE Online U10 Girls Europe qual"]
[Site "Tornelo INT"]
[Date "2020.12.09"]
[Round "7"]
[White "Zagorac, Lara"]
[Black "Balogh, Bori"]
[Result "1-0"]
[WhiteElo "1387"]
[BlackElo "1139"]
[PlyCount "159"]
[EventDate "2020.12.07"]
[EventType "swiss (rapid)"]
[EventRounds "7"]
[EventCountry "ISS"]
[SourceTitle "EXT 2022"]
[Source "ChessBase"]
[SourceDate "2021.10.06"]
[SourceVersion "1"]
[SourceVersionDate "2021.10.06"]
[SourceQuality "1"]

1. c4 Nf6 2. Nc3 e6 3. g3 Bb4 4. Bg2 0-0 5. e3 d5 6. cxd5 exd5 7. d4 c6 8. Nge2 Nbd7 9. 0-0 Qe7 10. Bd2 Re8 11. Nf4 b6 12. a3 Bxc3 13. Bxc3 Ne4 14. Bd2 Ndf6 15. Qc2 Bd7 16. Rfd1 Rac8 17. Rac1 g6 18. Be1 Bf5 19. Qa4 b5 20. Qb3 a5 21. Bxa5 g5 22. Ne2 Qe6 23. f3 Nd6 24. Kf2 g4 25. Nf4 Qe7 26. Bb4 gxf3 27. Bxf3 Nde4+ 28. Bxe4 Qxe4 29. Qd3 Ng4+ 30. Ke1 Qxe3+ 31. Qxe3 Rxe3+ 32. Kd2 Rce8 33. Re1 Rxe1 34. Rxe1 Rxe1 35. Kxe1 Nxh2 36. Kd2 Nf3+ 37. Ke3 Ng5 38. Bc5 Kg7 39. Ng2 h5 40. Nh4 Bg6 41. Nxg6 Kxg6 42. b3 Ne6 43. a4 bxa4 44. bxa4 Nc7 45. a5 Na6 46. Bd6 f6 47. Kf4 f5 48. Be7 Kf7 49. Bc5 Kg6 50. Ba3 Nb8 51. Bc1 Na6 52. Ke5 Nb8 53. Kd6 Kf6 54. Kc7 Na6+ 55. Kxc6 Nb4+ 56. Kb5 Nd3 57. Bd2 Kg6 58. a6 f4 59. Bxf4 Kf5 60. Bd2 Kg4 61. Bf4 Nxf4 62. gxf4 h4 63. a7 h3 64. a8Q h2 65. Qh8 Kg3 66. Qxh2+ Kxh2 67. f5 Kg3 68. f6 Kf4 69. f7 Ke4 70. Kc5 Kf5 71. f8Q+ Ke4 72. Qe7+ Kf3 73. Kxd5 Kf2 74. Kc4 Kg2 75. Qf7 Kh1 76. Qg7 Kh2 77. Kd3 Kh1 78. Ke2 Kh2 79. Kf2 Kh3 80. Qg3# 1-0

[Event "Wch FIDE Online U10 Girls Europe qual"]
[Site "Tornelo INT"]
[Date "2020.12.07"]
[Round "2"]
[White "Balogh, Bori"]
[Black "Sarkisian, Aikaterina"]
[Result "1-0"]
[WhiteElo "1139"]
[BlackElo "1243"]
[PlyCount "99"]
[EventDate "2020.12.07"]
[EventType "swiss (rapid)"]
[EventRounds "7"]
[EventCountry "ISS"]
[SourceTitle "EXT 2022"]
[Source "ChessBase"]
[SourceDate "2021.10.06"]
[SourceVersion "1"]
[SourceVersionDate "2021.10.06"]
[SourceQuality "1"]

1. g3 e5 2. Bg2 Nf6 3. d3 d5 4. Nf3 Nc6 5. 0-0 Bd6 6. Nbd2 0-0 7. e4 dxe4 8. dxe4 Bg4 9. h3 Be6 10. c3 h6 11. Re1 Qe7 12. Qc2 Qd7 13. Kh2 Bc5 14. Nf1 Bc4 15. Be3 Bxe3 16. Nxe3 Bd3 17. Qb3 Bxe4 18. Rad1 Qe6 19. Nd2 Qxb3 20. Nxb3 Bxg2 21. Kxg2 Rfd8 22. g4 Rxd1 23. Rxd1 Rd8 24. Rxd8+ Nxd8 25. Nc5 b6 26. Nd3 Nc6 27. b4 a6 28. a4 b5 29. a5 Ne4 30. Nd5 Nb8 31. Nxc7 Nxc3 32. Nxe5 f6 33. Nd3 Ne2 34. f3 Nd4 35. Kf2 Ndc6 36. Ke3 Kf8 37. f4 Ke7 38. Nc5 Kd6 39. N7xa6 Nxa6 40. Nxa6 Na7 41. Kd4 Kc6 42. Nb8+ Kb7 43. Nd7 Kc8 44. Nb6+ Kb7 45. Nd5 Kc6 46. Ne7+ Kd7 47. Nf5 Kc6 48. Nxg7 Kd7 49. h4 Ke7 50. Nf5+ 1-0

[Event "HUN-ch U10 Girls"]
[Site "Tapolca"]
[Date "2020.08.19"]
[Round "7"]
[White "Farkas, Sara"]
[Black "Balogh, Bori"]
[Result "0-1"]
[WhiteElo "1080"]
[BlackElo "1158"]
[PlyCount "72"]
[EventDate "2020.08.15"]
[EventType "swiss"]
[EventRounds "7"]
[EventCountry "HUN"]
[SourceTitle "EXT 2023"]
[Source "ChessBase"]
[SourceDate "2022.10.05"]
[SourceVersion "1"]
[SourceVersionDate "2022.10.05"]
[SourceQuality "1"]
[WhiteTeam "Hungary"]
[BlackTeam "Hungary"]
[WhiteTeamCountry "HUN"]
[BlackTeamCountry "HUN"]

1. d4 Nf6 2. Nf3 e6 3. e3 Be7 4. Bd3 d5 5. Nbd2 0-0 6. 0-0 c5 7. c3 Nc6 8. Ne5 Qc7 9. Ndf3 b6 10. Nxc6 Qxc6 11. Ne5 Qc7 12. f4 a5 13. Rf3 c4 14. Bc2 b5 15. b3 cxb3 16. axb3 Qxc3 17. Bd2 Qc7 18. Qc1 Qb6 19. b4 a4 20. Bd3 Bb7 21. Rh3 h6 22. Qe1 Rfe8 23. Qg3 Kf8 24. Bh7 Qd6 25. Bd3 Bc6 26. Rc1 Bd7 27. Rc5 a3 28. Bc1 a2 29. Nxd7+ Nxd7 30. Bb2 a1Q+ 31. Bxa1 Rxa1+ 32. Kf2 Nxc5 33. dxc5 Qa6 34. Bh7 Qa2+ 35. Kf3 Rf1+ 36. Kg4 Qe2+ 0-1